전 세계의 나라들 - Statistics

General Stats
  • This quiz has been taken 2,811 times
  • The average score is 82 of 196
Answers on the Map
Answers color-coded by a green-red scale on the quiz's map according to % correct below.
 
Answer Stats
나라 % Correct
미국
89%
대한민국
85%
중국
80%
일본
79%
캐나다
78%
러시아
77%
브라질
75%
프랑스
75%
멕시코
74%
영국
74%
인도
74%
호주
72%
태국
71%
독일
70%
북한
70%
몽골
65%
이탈리아
65%
칠레
64%
베트남
63%
이란
63%
인도네시아
63%
아르헨티나
60%
이집트
60%
터키
60%
필리핀
60%
대만
59%
노르웨이
58%
덴마크
58%
스웨덴
58%
쿠바
58%
핀란드
58%
가나
57%
스위스
57%
파키스탄
57%
그리스
56%
네팔
56%
뉴질랜드
56%
아일랜드
56%
페루
56%
포르투갈
56%
남아프리카 공화국
55%
수단
54%
이라크
54%
카자흐스탄
54%
파나마
54%
폴란드
54%
모로코
53%
사우디아라비아
53%
오만
53%
콩고 공화국
52%
콩고 민주 공화국
52%
라오스
51%
오스트리아
51%
우크라이나
51%
마다가스카르
50%
말레이시아
50%
예멘
50%
네덜란드
49%
벨기에
49%
볼리비아
49%
부탄
49%
아이슬란드
49%
우루과이
49%
캄보디아
49%
미얀마
48%
이스라엘
48%
체코
48%
리비아
47%
소말리아
47%
스페인
47%
아프가니스탄
47%
콜롬비아
47%
알제리
46%
파라과이
46%
남수단
45%
싱가포르
45%
우즈베키스탄
45%
기니
44%
도미니카
44%
스리랑카
44%
시리아
44%
헝가리
44%
방글라데시
43%
베네수엘라
43%
벨라루스
43%
파푸아뉴기니
43%
라트비아
42%
에스토니아
42%
에티오피아
42%
카타르
42%
도미니카 공화국
41%
불가리아
41%
수리남
41%
슬로바키아
41%
나이지리아
40%
루마니아
40%
룩셈부르크
40%
아이티
40%
에콰도르
40%
케냐
40%
세르비아
39%
자메이카
39%
키르기스스탄
39%
말리
38%
아랍 에미리트
38%
조지아
38%
튀니지
38%
보스니아 헤르체고비나
38%
과테말라
37%
바티칸 시국
37%
탄자니아
37%
슬로베니아
36%
아제르바이잔
36%
알바니아
36%
요르단
36%
차드
36%
코스타리카
36%
쿠웨이트
36%
나미비아
35%
바하마
35%
세네갈
35%
앙골라
35%
온두라스
35%
적도 기니
35%
타지키스탄
35%
피지
35%
가봉
34%
레바논
34%
모나코
34%
몰도바
34%
북마케도니아
34%
아르메니아
34%
투르크메니스탄
34%
가이아나
33%
감비아
33%
니제르
33%
니카라과
33%
동티모르
33%
엘살바도르
33%
우간다
33%
토고
33%
바레인
32%
브루나이
32%
잠비아
32%
중앙아프리카 공화국
32%
코소보
32%
모잠비크
31%
몰타
31%
짐바브웨
31%
키프로스
31%
몬테네그로
30%
몰디브
30%
카메룬
29%
코트디부아르
29%
라이베리아
28%
레소토
28%
르완다
28%
벨리즈
28%
보츠와나
28%
리히텐슈타인
27%
모리타니
27%
산마리노
27%
안도라
27%
말라위
26%
통가
26%
투발루
26%
기니비사우
25%
나우루
25%
부룬디
24%
지부티
24%
에리트레아
23%
미크로네시아 연방
22%
부르키나파소
22%
사모아
22%
모리셔스
21%
베냉
21%
팔라우
21%
바누아투
20%
솔로몬 제도
20%
에스와티니
20%
카보베르데
20%
키리바시
20%
트리니다드 토바고
20%
마셜 제도
19%
바베이도스
19%
세이셸
19%
세인트빈센트 그레나딘
19%
코모로
19%
그레나다
18%
세인트키츠 네비스
18%
세인트루시아
17%
리투아니아
16%
상투메 프린시페
16%
앤티가 바부다
15%
크로아티아
15%
시에라리온
10%
No matching quizzes found
Score Distribution
Percent of People with Each Score
Percentile by Number Answered
Your Score History
You have not taken this quiz